书目信息 |
| 题名: |
诗集传
|
|
| 作者: | 朱熹 注 | |
| 分册: | ||
| 出版信息: | 上海 上海古籍出版社 1980 |
|
| 页数: | 248页 | |
| 开本: | 21cm | |
| 丛书名: | ||
| 单 册: | ||
| 中图分类: | I222.2 , I207.22 | |
| 科图分类: | ||
| 主题词: | 文学--中国 | |
| 电子资源: | ||
| ISBN: | ||
| 000 | 00662nam0 2200265 45 | |
| 001 | 0180008336 | |
| 005 | 20040417125445.9 | |
| 010 | @dCNY0.85 | |
| 091 | @a10186.151 | |
| 100 | @a19950517d1980 em y0chiy0121 ea | |
| 101 | 0 | @achi |
| 102 | @aCN@b310000 | |
| 105 | @ay z 000gy | |
| 106 | @ar | |
| 200 | 10 | @a诗集传@Ashi ji zhuan@f(宋)朱熹集注 |
| 210 | @a上海@c上海古籍出版社@d1980 | |
| 215 | @a248页@d21cm | |
| 605 | @a诗经@x注释 | |
| 606 | 0 | @a文学@x中国 |
| 690 | @aI222.2@v3 | |
| 690 | @aI207.22 | |
| 701 | 0 | @a朱熹@Azhu xi@f宋@4注 |
| 801 | 0 | @aCN@b上海图书馆@c20040417 |
| 801 | 2 | @aCN@bNLC@c20040417 |
| 905 | @f1@b24562@dI207.22@e13@b32441@f1 | |
| 诗集传/(宋)朱熹集注.-上海:上海古籍出版社,1980 |
| 248页;21cm |
| ISBN :CNY0.85 |
| ● |
| 相关链接 |
|
|
|
|
正题名:诗集传
索取号:I207.22/13
 
预约/预借
| 序号 | 登录号 | 条形码 | 馆藏地/架位号 | 状态 | 备注 |
| 1 | 0024562 | 000730855 | 第一样本阅览室/ [索取号:I207.22/13] | 在馆 | |
| 2 | 0032441 | 000730864 | 第二借阅区/ [索取号:I207.22/13] | 在馆 |